Teoretické a praktické aspekty analýzy vzťahov dodávateľ - distributér v oblasti nákupu inovovaných výrobkov

Postupy používané nákupcami v procese výberu nových výrobkov. Teoretické a praktické aspekty tohto procesu. Tradičné prístupy a ich možnosti. Nové smery výskumu vzťahov dodávateľ-distributér. Možnosti využitia poznatkov z výrobnej sféry v oblasti distribúcie. Špecifické otázky výberu

Salvato in:
Dettagli Bibliografici
Autore principale: Kita, Jaroslav
Natura: Capitolo di libro
Lingua:slovacco
Soggetti:
Tags: Aggiungi Tag
Nessun Tag, puoi essere il primo ad aggiungerne!!

MARC

LEADER 00000naa$a2200000$$$4500
001 0047096
005 20240502071537.8
041 0 |a slo 
044 |a SK 
245 1 0 |a Teoretické a praktické aspekty analýzy vzťahov dodávateľ - distributér v oblasti nákupu inovovaných výrobkov  |c Jaroslav Kita 
520 |a Postupy používané nákupcami v procese výberu nových výrobkov. Teoretické a praktické aspekty tohto procesu. Tradičné prístupy a ich možnosti. Nové smery výskumu vzťahov dodávateľ-distributér. Možnosti využitia poznatkov z výrobnej sféry v oblasti distribúcie. Špecifické otázky výberu 
610 2 0 |a dodávatelia 
610 2 0 |a distribúcia 
610 2 0 |a nákup 
610 2 0 |a výrobky nové 
610 2 0 |a inovácia výrobkov 
610 2 0 |a rozhodovanie 
610 2 0 |a sféra výrobná 
100 1 |a Kita, Jaroslav